[Event "Milan SSM Septembre"]
[Site "Milan"]
[Date "2015.09.12"]
[Round "3"]
[White "Poletto, Daniele"]
[Black "Figini, Vittorio"]
[Result "1/2-1/2"]
[WhiteElo "1722"]
[BlackElo "1473"]
[PlyCount "77"]
[EventDate "2015.09.10"]
[EventType "swiss"]
[EventRounds "5"]
[EventCountry "ITA"]
[SourceTitle "EXT 2024"]
[Source "ChessBase"]
[SourceDate "2023.10.10"]
[SourceVersion "1"]
[SourceVersionDate "2023.10.10"]
[SourceQuality "1"]

1. c4 e5 2. Nc3 Nf6 3. g3 d6 4. Bg2 Nc6 5. d3 Be7 6. e4 b6 7. Nge2 Bb7 8. 0-0 a5 9. h3 Rb8 10. Be3 Na7 11. a3 c5 12. Rb1 Nc6 13. Nd5 Nxd5 14. exd5 Nd4 15. Nxd4 exd4 16. Bd2 0-0 17. b4 axb4 18. axb4 Qc7 19. f4 f5 20. g4 Bc8 21. g5 g6 22. h4 Bd7 23. h5 Be8 24. hxg6 Bxg6 25. Kf2 Ra8 26. Ra1 Qb7 27. Qe2 Rfe8 28. Qf3 Bf8 29. Rfe1 Rxa1 30. Rxa1 Ra8 31. Rxa8 Qxa8 32. Qe2 Qe8 33. Qe6+ Kh8 34. Bh3 Qxe6 35. dxe6 Be7 36. Bg2 Be8 37. b5 Kg7 38. Bh3 Bg6 39. Bg2 1/2-1/2

[Event "Bratto op-C 35th"]
[Site "Bratto"]
[Date "2015.08.25"]
[Round "3.6"]
[White "Lima, Francesco"]
[Black "Poletto, Daniele"]
[Result "0-1"]
[WhiteElo "1651"]
[BlackElo "1710"]
[PlyCount "102"]
[EventDate "2015.08.23"]
[EventType "swiss"]
[EventRounds "8"]
[EventCountry "ITA"]
[SourceTitle "EXT 2022"]
[Source "ChessBase"]
[SourceDate "2021.10.06"]
[SourceVersion "1"]
[SourceVersionDate "2021.10.06"]
[SourceQuality "1"]

1. Nf3 c5 2. c4 Nf6 3. g3 Nc6 4. Bg2 d5 5. cxd5 Nxd5 6. e4 Ndb4 7. 0-0 Nd3 8. Nc3 e6 9. Qe2 Ncb4 10. Qd1 Be7 11. a3 Nxc1 12. Qxc1 Nd3 13. Qc2 0-0 14. Ne1 Nxe1 15. Rfxe1 b6 16. Rad1 Bb7 17. Ne2 Rc8 18. Kh1 Qc7 19. f4 Rfd8 20. Nc3 a6 21. d3 Rd7 22. Re3 Rcd8 23. Qf2 c4 24. Qe2 cxd3 25. Rexd3 Rxd3 26. Rxd3 Rxd3 27. Qxd3 Qd8 28. Qe2 Qd4 29. Qd1 Qxd1+ 30. Nxd1 Bc5 31. Nc3 Bd4 32. e5 Bxg2+ 33. Kxg2 Kf8 34. Kf3 Ke7 35. Ke4 Bg1 36. h3 Kd7 37. b4 Kc6 38. Ne2 Bf2 39. Kf3 Be1 40. Nd4+ Kd5 41. Nc2 Bc3 42. Ne3+ Kd4 43. Ke2 Bb2 44. Kd2 Bc1+ 45. Kxc1 Kxe3 46. Kc2 Kf3 47. Kd3 Kxg3 48. Ke4 Kxh3 49. f5 Kg4 50. fxe6 fxe6 51. a4 h5 0-1

[Event "Milan SSM op-B 08"]
[Site "Milan"]
[Date "2015.08.02"]
[Round "4"]
[White "Colica, Daniele"]
[Black "Poletto, Daniele"]
[Result "0-1"]
[WhiteElo "1686"]
[BlackElo "1712"]
[PlyCount "54"]
[EventDate "2015.07.31"]
[EventType "swiss"]
[EventRounds "7"]
[EventCountry "ITA"]
[SourceTitle "EXT 2022"]
[Source "ChessBase"]
[SourceDate "2021.10.06"]
[SourceVersion "1"]
[SourceVersionDate "2021.10.06"]
[SourceQuality "1"]

1. e4 c5 2. Nf3 e6 3. d4 cxd4 4. Nxd4 a6 5. Be2 Qc7 6. Nc3 b5 7. Be3 Bb7 8. Qd2 b4 9. Na4 Bxe4 10. f3 Bb7 11. Nb3 Nc6 12. Bb6 Qd6 13. Qe3 Qe5 14. Qf2 Nf6 15. f4 Qb8 16. 0-0-0 Nd5 17. Rxd5 exd5 18. Qe3+ Be7 19. Bc5 d6 20. Bb6 0-0 21. Bd3 h6 22. g4 Qe8 23. g5 hxg5 24. fxg5 Ne5 25. Nbc5 Nxd3+ 26. Nxd3 d4 27. Bxd4 Bxh1 0-1

[Event "Milan SSM May B"]
[Site "Milan"]
[Date "2015.05.23"]
[Round "4"]
[White "Poletto, Daniele"]
[Black "Carli, Federico"]
[Result "1/2-1/2"]
[WhiteElo "1664"]
[BlackElo "1629"]
[PlyCount "26"]
[EventDate "2015.05.20"]
[EventType "swiss"]
[EventRounds "6"]
[EventCountry "ITA"]
[SourceTitle "EXT 2024"]
[Source "ChessBase"]
[SourceDate "2023.10.10"]
[SourceVersion "1"]
[SourceVersionDate "2023.10.10"]
[SourceQuality "1"]

1. c4 g6 2. Nc3 Bg7 3. g3 Nf6 4. Bg2 0-0 5. e4 d6 6. Nge2 c5 7. 0-0 Nc6 8. d3 Rb8 9. h3 a6 10. Be3 b5 11. cxb5 axb5 12. Qd2 b4 13. Nd5 Nxd5 1/2-1/2

[Event "Milan Palladino Memorial-B 7th"]
[Site "Milan"]
[Date "2015.04.04"]
[Round "3"]
[White "Poletto, Daniele"]
[Black "Aloe, Giancarlo"]
[Result "0-1"]
[WhiteElo "1709"]
[BlackElo "1602"]
[PlyCount "102"]
[EventDate "2015.04.02"]
[EventType "swiss"]
[EventRounds "7"]
[EventCountry "ITA"]
[SourceTitle "EXT 2017"]
[Source "ChessBase"]
[SourceDate "2016.10.25"]
[SourceVersion "1"]
[SourceVersionDate "2016.10.25"]
[SourceQuality "1"]

1. e4 c5 2. c4 Nc6 3. Nc3 e6 4. g3 Nf6 5. Bg2 Be7 6. Nge2 a6 7. 0-0 0-0 8. d4 cxd4 9. Nxd4 Ne5 10. b3 Bb4 11. Bb2 Qc7 12. Rc1 b6 13. a3 Be7 14. h3 Bb7 15. Kh2 Rfe8 16. f4 Ng6 17. Re1 d6 18. Qc2 Rac8 19. Qf2 Bf8 20. f5 exf5 21. exf5 Ne5 22. Qf1 Bxg2 23. Kxg2 Qb7+ 24. Kh2 d5 25. Nxd5 Nxd5 26. cxd5 Qxd5 27. Rxc8 Rxc8 28. Qxa6 Rc2+ 29. Re2 Rxb2 30. Rxb2 Qxd4 31. Qe2 Bc5 32. Rb1 Qd5 33. Rd1 Nf3+ 34. Kh1 Nd4+ 35. Qg2 Qe5 36. b4 Bf8 37. g4 h6 38. Qf2 Qe4+ 39. Qg2 Qe3 40. Rf1 Qxa3 41. g5 hxg5 42. Rf2 Bxb4 43. Ra2 Qc1+ 44. Qg1 Qc6+ 45. Qg2 Qf6 46. Ra8+ Kh7 47. Qg4 Nxf5 48. Rb8 Bc5 49. Qe4 Qa1+ 50. Kg2 Qg1+ 51. Kf3 Qh1+ 0-1

[Event "Milan Palladino Memorial-B 7th"]
[Site "Milan"]
[Date "2015.04.02"]
[Round "1"]
[White "Poletto, Daniele"]
[Black "Pipitone, Filippo Massimo"]
[Result "1/2-1/2"]
[WhiteElo "1709"]
[BlackElo "1549"]
[PlyCount "70"]
[EventDate "2015.04.02"]
[EventType "swiss"]
[EventRounds "7"]
[EventCountry "ITA"]
[SourceTitle "EXT 2017"]
[Source "ChessBase"]
[SourceDate "2016.10.25"]
[SourceVersion "1"]
[SourceVersionDate "2016.10.25"]
[SourceQuality "1"]

1. c4 e5 2. Nc3 Nc6 3. g3 g6 4. e4 d6 5. Bg2 Bg7 6. d3 Nge7 7. Nge2 0-0 8. 0-0 Be6 9. Be3 a6 10. Qd2 f5 11. Bh6 Qd7 12. Bxg7 Kxg7 13. f4 Rab8 14. Nd5 Rf7 15. b3 fxe4 16. dxe4 b5 17. fxe5 Nxe5 18. Rxf7+ Bxf7 19. Qc3 bxc4 20. bxc4 c6 21. Nxe7 Qxe7 22. c5 Qa7 23. Qd4 Qxc5 24. Qxc5 dxc5 25. Rc1 Rb5 26. Nc3 Rb8 27. Bf1 a5 28. Rc2 Rb4 29. a3 Rd4 30. Ne2 Rxe4 31. Rxc5 Nf3+ 32. Kf2 Nxh2 33. Bg2 Ng4+ 34. Ke1 Re3 35. Rxc6 Rxa3 1/2-1/2

[Event "Milan Crespi op-B 35th"]
[Site "Milan"]
[Date "2014.12.08"]
[Round "7"]
[White "Spano, Pietro"]
[Black "Poletto, Daniele"]
[Result "0-1"]
[WhiteElo "1645"]
[BlackElo "1709"]
[PlyCount "100"]
[EventDate "2014.12.04"]
[EventType "swiss"]
[EventRounds "7"]
[EventCountry "ITA"]
[SourceTitle "EXT 2017"]
[Source "ChessBase"]
[SourceDate "2016.10.25"]
[SourceVersion "1"]
[SourceVersionDate "2016.10.25"]
[SourceQuality "1"]

1. d4 Nf6 2. c4 g6 3. Nc3 Bg7 4. e4 d6 5. f3 0-0 6. Bg5 h6 7. Be3 e5 8. d5 Nh5 9. Qd2 Kh7 10. g4 Nf4 11. Bxf4 exf4 12. Qxf4 Be5 13. Qd2 Qh4+ 14. Qf2 Qxf2+ 15. Kxf2 f5 16. gxf5 gxf5 17. Bd3 Na6 18. exf5 Bxf5 19. Bxf5+ Rxf5 20. Ke3 Re8 21. Ne4 Nb4 22. Kd2 Rg8 23. a3 Rg2+ 24. Ne2 Na6 25. Ke3 Rxh2 26. Rxh2 Bxh2 27. f4 Nc5 28. Rh1 Nxe4 29. Kxe4 Rh5 30. Kf3 Rh3+ 31. Kg2 Re3 32. Kf2 Rh3 33. Ng1 Bg3+ 34. Kg2 Rxh1 35. Kxh1 Bxf4 36. b4 c6 37. Ne2 Be5 38. Nc1 cxd5 39. cxd5 Bb2 40. Nd3 Bxa3 41. Kg2 b6 42. Kf3 a5 43. b5 Kg7 44. Nf4 Bc5 45. Ne6+ Kf6 46. Ke4 a4 47. Kd3 a3 48. Kc2 h5 49. Nf4 h4 50. Nh3 Ke5 0-1

[Event "Milan Crespi op-B 35th"]
[Site "Milan"]
[Date "2014.12.06"]
[Round "3"]
[White "Lamperti, Gian Loris"]
[Black "Poletto, Daniele"]
[Result "0-1"]
[WhiteElo "1700"]
[BlackElo "1709"]
[PlyCount "100"]
[EventDate "2014.12.04"]
[EventType "swiss"]
[EventRounds "7"]
[EventCountry "ITA"]
[SourceTitle "EXT 2017"]
[Source "ChessBase"]
[SourceDate "2016.10.25"]
[SourceVersion "1"]
[SourceVersionDate "2016.10.25"]
[SourceQuality "1"]

1. d4 Nf6 2. c4 g6 3. Nc3 Bg7 4. e4 d6 5. f3 0-0 6. Bd3 e5 7. d5 Nh5 8. Nge2 f5 9. Be3 f4 10. Bf2 Nd7 11. g4 fxg3 12. Nxg3 Nf4 13. Bf1 a5 14. h4 h5 15. Nge2 Nc5 16. Nxf4 Rxf4 17. Qe2 Bd7 18. 0-0-0 Qe7 19. Bh3 Raf8 20. Bxc5 dxc5 21. Bxd7 Qxd7 22. Qg2 Kh7 23. Rh3 Qf7 24. Rg1 Bh6 25. Kd1 Rg8 26. Ne2 Rf6 27. Qg3 Bf4 28. Nxf4 Rxf4 29. Ke2 Qd7 30. b3 a4 31. Rh2 axb3 32. axb3 b5 33. Qg5 Qf7 34. Rh3 bxc4 35. Qxe5 cxb3 36. Rc1 Re8 37. Qc3 Qxd5 38. Qxc5 Qxc5 39. Rxc5 Rb8 40. Rxc7+ Kh6 41. Rc1 b2 42. Rb1 Rb3 43. Kd2 Rbxf3 44. Rxf3 Rxf3 45. Rxb2 Rf2+ 46. Kc3 Rxb2 47. Kxb2 g5 48. hxg5+ Kxg5 49. Kc3 h4 50. Kd4 h3 0-1

[Event "Milan Molinari Memorial-B 8th"]
[Site "Milan"]
[Date "2014.10.31"]
[Round "3"]
[White "Pollio, Ciro"]
[Black "Poletto, Daniele"]
[Result "1-0"]
[WhiteElo "1755"]
[BlackElo "1731"]
[PlyCount "101"]
[EventDate "2014.10.29"]
[EventType "swiss"]
[EventRounds "6"]
[EventCountry "ITA"]
[SourceTitle "EXT 2024"]
[Source "ChessBase"]
[SourceDate "2023.10.10"]
[SourceVersion "1"]
[SourceVersionDate "2023.10.10"]
[SourceQuality "1"]

1. d4 Nf6 2. c4 g6 3. Nc3 Bg7 4. e4 d6 5. Nf3 0-0 6. Be2 e5 7. d5 a5 8. Be3 h6 9. c5 Ng4 10. Qd2 Nxe3 11. Qxe3 Na6 12. cxd6 cxd6 13. 0-0 Nc5 14. Nd2 f5 15. exf5 Bxf5 16. Nde4 Nxe4 17. Nxe4 Bxe4 18. Qxe4 Qf6 19. Bg4 Kh7 20. Be6 Qf4 21. Qc2 Qb4 22. Qc7 Rab8 23. b3 Qc5 24. Rac1 Qxc7 25. Rxc7 Rfd8 26. Rfc1 h5 27. Re7 Re8 28. Rd7 Red8 29. Rcc7 Rxd7 30. Rxd7 b5 31. Rxd6 Bf8 32. Ra6 a4 33. d6 axb3 34. axb3 Kg7 35. d7 Be7 36. Kf1 b4 37. Ke2 g5 38. f3 h4 39. Kd3 Rd8 40. Ke4 Rb8 41. Kxe5 Rb5+ 42. Bd5 Rb8 43. Rc6 Rd8 44. Ke6 Bf6 45. Rc8 Kg6 46. Kd6 Kf5 47. Kc7 Ke5 48. Rxd8 Kxd5 49. Rg8 Kd4 50. Rg6 Be7 51. Re6 1-0

[Event "Milan SSM op-B 08"]
[Site "Milan"]
[Date "2014.08.03"]
[Round "6"]
[White "Poletto, Daniele"]
[Black "Bertora, Silvano"]
[Result "1-0"]
[WhiteElo "1738"]
[BlackElo "1596"]
[PlyCount "93"]
[EventDate "2014.07.29"]
[EventType "swiss"]
[EventRounds "7"]
[EventCountry "ITA"]
[SourceTitle "EXT 2022"]
[Source "ChessBase"]
[SourceDate "2021.10.06"]
[SourceVersion "1"]
[SourceVersionDate "2021.10.06"]
[SourceQuality "1"]

1. c4 e6 2. Nf3 Nf6 3. g3 b6 4. Bg2 Bb7 5. b3 a5 6. Bb2 Bc6 7. a3 d5 8. Nd4 Bb7 9. 0-0 c6 10. cxd5 exd5 11. d3 Bc8 12. Nd2 Bc5 13. N2f3 0-0 14. h3 Bd7 15. Ne5 Be8 16. Kh2 Bd6 17. Ndf3 Nfd7 18. Nxd7 Qxd7 19. Qd2 c5 20. Qg5 d4 21. Ne5 Qa7 22. Bxa8 Qxa8 23. Nf3 f6 24. Qd2 Nd7 25. e4 f5 26. Rae1 Bh5 27. Nh4 f4 28. Nf5 Ne5 29. f3 Rxf5 30. g4 Bxg4 31. hxg4 Rf6 32. Kg2 Qc8 33. Kf2 Rh6 34. Rh1 Nxg4+ 35. fxg4 Rg6 36. Reg1 Rxg4 37. Rxg4 Qxg4 38. Rg1 Qh4+ 39. Kf1 f3 40. Qg5 Qh3+ 41. Ke1 Qd7 42. Qd5+ Kf8 43. e5 f2+ 44. Kxf2 Qf5+ 45. Qf3 Qxf3+ 46. Kxf3 Bxe5 47. Bc1 1-0

[Event "Milan Palladino Memorial-B 6th"]
[Site "Milan"]
[Date "2014.04.21"]
[Round "7"]
[White "Poletto, Daniele"]
[Black "Delle Fave, Fabio"]
[Result "1/2-1/2"]
[WhiteElo "1765"]
[BlackElo "1777"]
[PlyCount "84"]
[EventDate "2014.04.17"]
[EventType "swiss"]
[EventRounds "7"]
[EventCountry "ITA"]
[SourceTitle "EXT 2015"]
[Source "ChessBase"]
[SourceDate "2014.11.20"]
[SourceVersion "1"]
[SourceVersionDate "2014.11.20"]
[SourceQuality "1"]

1. c4 Nf6 2. Nc3 g6 3. g3 Bg7 4. Bg2 e6 5. e4 d6 6. Nge2 e5 7. d3 c6 8. 0-0 0-0 9. h3 Be6 10. f4 exf4 11. Nxf4 Nbd7 12. Be3 Ne5 13. Nxe6 fxe6 14. Qd2 Qe7 15. b3 b6 16. d4 Ned7 17. Rae1 Rad8 18. Bh6 e5 19. Bxg7 Kxg7 20. Kh2 Nh5 21. a4 Rxf1 22. Rxf1 Rf8 23. Rxf8 Nxf8 24. Qf2 Nd7 25. Bf3 Qf6 26. d5 c5 27. Qe2 Qg5 28. Bxh5 gxh5 29. Nb5 Qg6 30. Nxa7 Nf6 31. Nc8 Nxe4 32. Qg2 Ng5 33. Nxb6 Qd3 34. Qf2 Qxb3 35. Nd7 Nf3+ 36. Kg2 e4 37. a5 Qxc4 38. Qb2+ Nd4 39. Qf2 Nf3 40. Qb2+ Nd4 41. Qf2 Nf3 42. Qb2+ Nd4 1/2-1/2

[Event "Milan Palladino Memorial-B 6th"]
[Site "Milan"]
[Date "2014.04.19"]
[Round "3"]
[White "Milano, Maria"]
[Black "Poletto, Daniele"]
[Result "1/2-1/2"]
[WhiteElo "1599"]
[BlackElo "1765"]
[PlyCount "40"]
[EventDate "2014.04.17"]
[EventType "swiss"]
[EventRounds "7"]
[EventCountry "ITA"]
[SourceTitle "EXT 2015"]
[Source "ChessBase"]
[SourceDate "2014.11.20"]
[SourceVersion "1"]
[SourceVersionDate "2014.11.20"]
[SourceQuality "1"]

1. d4 Nf6 2. c4 g6 3. Nf3 Bg7 4. g3 0-0 5. Bg2 d6 6. 0-0 c5 7. Nc3 cxd4 8. Nxd4 Nbd7 9. b3 Rb8 10. Bb2 a6 11. Qc2 Qc7 12. Rfd1 Ne5 13. Rac1 Nc6 14. a3 Nxd4 15. Rxd4 Bd7 16. Nd5 Nxd5 17. Rxd5 Bxb2 18. Qxb2 Bc6 19. Rd3 Bxg2 20. Kxg2 Qc6+ 1/2-1/2

[Event "Milan Palladino Memorial-B 6th"]
[Site "Milan"]
[Date "2014.04.18"]
[Round "2"]
[White "Poletto, Daniele"]
[Black "Colonetti, Fabio"]
[Result "1/2-1/2"]
[WhiteElo "1765"]
[BlackElo "1521"]
[PlyCount "71"]
[EventDate "2014.04.17"]
[EventType "swiss"]
[EventRounds "7"]
[EventCountry "ITA"]
[SourceTitle "EXT 2015"]
[Source "ChessBase"]
[SourceDate "2014.11.20"]
[SourceVersion "1"]
[SourceVersionDate "2014.11.20"]
[SourceQuality "1"]

1. c4 c5 2. Nc3 Nc6 3. g3 g6 4. Bg2 Bg7 5. e4 d6 6. Nge2 Nf6 7. 0-0 0-0 8. d3 Ne8 9. h3 Nc7 10. Be3 Ne6 11. f4 Ned4 12. Qd2 a6 13. Kh2 Rb8 14. Bxd4 Bxd4 15. Nxd4 Nxd4 16. Ne2 Nxe2 17. Qxe2 e5 18. f5 f6 19. h4 Kg7 20. g4 g5 21. hxg5 fxg5 22. Kg3 Qf6 23. Rh1 h6 24. Rh3 Rh8 25. Rah1 Bd7 26. Qe1 Rh7 27. b4 b6 28. Bf3 Rbh8 29. Bd1 Qd8 30. Qc3 Qc7 31. Qa3 Qa7 32. b5 a5 33. Qb3 Qc7 34. a4 Qd8 35. Qb2 Qf6 36. Qf2 1/2-1/2

[Event "Milan Carnevale op-B 5th"]
[Site "Milan"]
[Date "2014.03.07"]
[Round "3"]
[White "Poletto, Daniele"]
[Black "Colica, Daniele"]
[Result "1/2-1/2"]
[WhiteElo "1758"]
[BlackElo "1726"]
[PlyCount "33"]
[EventDate "2014.03.05"]
[EventType "swiss"]
[EventRounds "6"]
[EventCountry "ITA"]
[SourceTitle "EXT 2015"]
[Source "ChessBase"]
[SourceDate "2014.11.20"]
[SourceVersion "1"]
[SourceVersionDate "2014.11.20"]
[SourceQuality "1"]

1. c4 d5 2. Nf3 Nf6 3. g3 Nc6 4. cxd5 Nxd5 5. Nc3 Bg4 6. Bg2 e6 7. h3 Bh5 8. 0-0 Be7 9. d3 0-0 10. a3 Qd7 11. Bd2 Bf6 12. Rc1 Ne5 13. Nxd5 exd5 14. Nxe5 Bxe5 15. Bc3 Bd6 16. Qd2 Bg6 17. Bb4 1/2-1/2

[Event "Milan Crespi op-B 34th"]
[Site "Milan"]
[Date "2013.12.07"]
[Round "5"]
[White "Biava, Pierluigi"]
[Black "Poletto, Daniele"]
[Result "1/2-1/2"]
[WhiteElo "1686"]
[BlackElo "1752"]
[PlyCount "112"]
[EventDate "2013.12.04"]
[EventType "swiss"]
[EventRounds "7"]
[EventCountry "ITA"]
[SourceTitle "EXT 2015"]
[Source "ChessBase"]
[SourceDate "2014.11.20"]
[SourceVersion "1"]
[SourceVersionDate "2014.11.20"]
[SourceQuality "1"]

1. e4 c5 2. Nc3 Nc6 3. f4 e6 4. Nf3 d5 5. d3 dxe4 6. Nxe4 Nf6 7. Qe2 Be7 8. g3 b6 9. Bd2 0-0 10. Bg2 Bb7 11. 0-0-0 a5 12. Neg5 Qd7 13. Rhe1 h6 14. Ne4 Nb4 15. Ne5 Qa4 16. Bxb4 Bxe4 17. Bxe4 Nxe4 18. Qxe4 axb4 19. Qc4 Rfd8 20. Nxf7 Kxf7 21. Qxe6+ Kf8 22. Qxe7+ Kg8 23. Qe6+ Kh8 24. Qb3 Qxa2 25. Qxa2 Rxa2 26. b3 Rd6 27. Re4 h5 28. Rde1 Rh6 29. Kd2 h4 30. g4 Rf6 31. h3 Kh7 32. R1e2 g6 33. Re7+ Kg8 34. Re8+ Kg7 35. R2e7+ Rf7 36. f5 gxf5 37. gxf5 Rxe7 38. Rxe7+ Kf6 39. Re4 Kxf5 40. Rxh4 Kg5 41. Rc4 Ra8 42. h4+ Kh5 43. d4 Rd8 44. Ke3 Re8+ 45. Kf4 Kxh4 46. dxc5 bxc5 47. Rxc5 Re2 48. Rc6 Kh5 49. Kf3 Re5 50. Rc4 Rb5 51. Ke4 Kg6 52. Kd4 Kf6 53. Rc6+ Ke7 54. Kc4 Rb7 55. Kc5 Kd7 56. Rd6+ Kc8 1/2-1/2